Ľudové stavby pre výrobu a technickú prácu na Slovensku 2. diel : Kandidátska dizertačná práca /

Gespeichert in:
Bibliographische Detailangaben
1. Verfasser: Krivošová, Jana (Verfasst von)
Weitere Verfasser: Majzlík, Daniel (Betreuung Doktorarbeit)
Format: Manuskript Buch
Sprache:Slowakisch
Veröffentlicht: Bratislava : Fakulta architektúry SVŠT, Bratislava, jún 1981
Schlagworte:
Tags: Tag hinzufügen
Keine Tags, Fügen Sie das erste Tag hinzu!

MARC

LEADER 00000ntm a22000003a 4500
001 0113186
003 SK-STU
005 20241217124324.7
007 ta
008 241217s2024----xo-----f-mn---000-0-slo-d
040 |a STU  |b slo 
041 0 |a slo 
044 |a xo  |c SK 
100 1 |a Krivošová, Jana  |4 aut 
245 1 0 |a Ľudové stavby pre výrobu a technickú prácu na Slovensku 2. diel :  |b Kandidátska dizertačná práca /  |c aut. Jana Krivošová ; škol. Daniel Majzlík 
260 |a Bratislava :  |b Fakulta architektúry SVŠT, Bratislava,  |c jún 1981 
300 |a 102 s. 
650 0 7 |a vodné mlyny 
650 0 7 |a priemyselné stavby 
650 0 7 |a stavby technické 
650 0 7 |a poľnohospodárske stavby 
650 0 7 |a mlyny kolesové 
650 0 7 |a kováčňa 
650 0 7 |a priemyselné dedičstvo 
700 1 |a Majzlík, Daniel  |4 ths 
996 |b 284AU10178  |c A* 193/V  |l AAKNST  |s P  |a 0  |w 0113186_0001